| 000 | 01150nam a22002537a 4500 | ||
|---|---|---|---|
| 005 | 20110620110443.0 | ||
| 008 | 110620t xxu||||| |||| 00| 0 mar d | ||
| 010 | _aMAR-20974 | ||
| 020 | _c80.00 | ||
| 035 | _aMR-13632 | ||
| 037 | _bDBAD/PUB | ||
| 040 |
_aDPL _bMR |
||
| 082 | _a891.462 | ||
| 100 |
_aजोशी,लक्ष्मण गोपाळ _928644 |
||
| 245 |
_aकाय झालंय हो हे ! / _cलक्ष्मण गोपाळ जोशी |
||
| 246 |
_akay Zhalay Ho He _bby Laxman Gopal Joshi |
||
| 260 |
_aऔरंगाबाद _bकीर्ती प्रकाशन _c2011 |
||
| 270 |
_a17,रचनाकर कॉलोनी,देवगिरी कॉलेज जवळ _bऔरंगाबाद _e431005 |
||
| 300 |
_a80पृ. _c21सेमी(अजिल्द) |
||
| 650 |
_aमराठी नाटक _928648 |
||
| 650 |
_aMarathi Play _928649 |
||
| 942 |
_2ddc _cMR _h891.462 _mजोशील |
||
| 999 |
_c53011 _d53011 |
||